000 00581nam a2200193 a 4500
003 BD-DhJNU
005 20250514041852.0
008 821202s1953 nyua 000 0 eng
040 _aBD-DhJNU
_bENG
_cBD-DhJNU
_dBD-DhJNU
082 0 0 _a307 CUL
_223
100 1 _aCutright, Prudence
245 1 0 _aLiving together now and long ago /
_cPrudence Cutright, W. W. Charters and Bernice Newell
260 _aNew York :
_bThe Macmillan Company,
_c1953.
300 _a298 p. :
_bill. ;
_c22 cm.
650 0 _aReaders
700 1 _aCharters, W. W.
700 1 _aNewell, Bernice
942 _cBK
999 _c1693
_d1693